000 00510nam a22001817a 4500
005 20260506131025.0
008 260506b |||||||| |||| 00| 0 eng d
020 _a9781841134314
_qpbk
041 _aeng
082 _a342.4202 WAR
100 _aWard, Ian
245 _aThe English Constitution:
_bMyths and Realities
_c/Ian Ward;
260 _aNorth America
_bHart publishing
_c2004
300 _ax, 213p. :
_c25cm.
504 _aindex
650 _aConstitutional & administrative law
942 _cENGLISH
999 _c622653
_d622653